Foster the people lyrics quiz - Statistics

General Stats
  • This quiz has been taken 15 times
  • The average score is 8 of 12
Answer Stats
Hint Answer % Correct
"One shoe two, gonna kick with my new shoes, I'm gonna kick until I need new shoes" dont stop
92%
"I woke up on Champs-Élysées to the Djembe of Ghana, a fine lady from Belize said "You got the spirit of a Fela" " are you what you want to be
83%
"You were pacing, I was insecure Slip and fall, I'm dodging calls, hug the prison I've been living in" helena beat
83%
"We've melted all our gold to recommence our idol worship, we all pretend one day we'll be the greatest of the Gatsbys" loyal like sid and nancy
75%
"the deaf man heard what the mute man said, then they all followed where the blind man led" pay the man
75%
"He walks like Elvis Presley 'Cause his Bentley costs a million bucks" pick u up
75%
"I'm coming for you giants and you liars and your chariots of fire, you charmers with your anecdotes have started to show your true colors" a beginners guide to destroying the moon
67%
"Well that rat race ladder-climbing fake-face smile's got nothing on me" call it what you want
67%
"Faded and worn at the seams, a psychotropic wanderlust, sick and laughing." pseudologia fantastica
58%
"Well, looking for a mirror, I'm looking at a screen These pixelated dreams are blowing up my pocket" i love my friends
50%
"In this post-modernist view, where absolutes are seen as relics and laughed out of the room" nevermind
50%
"The courage that it takes to keep on searching is a beautiful thing" it's ok to be human
17%
No matching quizzes found
Score Distribution
Percent of People with Each Score
Percentile by Number Answered
Your Score History
You have not taken this quiz